ՀՀ Գիտությունների ազգային ակադեմիայի հիմնարար գիտական գրադարան  =   Fundamental Scientific Library of NAS RA

Живица : (Record no. 167466)

MARC details
000 -LEADER
fixed length control field 00711nam a2200205 u 4500
001 - CONTROL NUMBER
control field 000460095
003 - CONTROL NUMBER IDENTIFIER
control field AM-YeHGA
005 - DATE AND TIME OF LATEST TRANSACTION
control field 20250617133553.0
008 - FIXED-LENGTH DATA ELEMENTS--GENERAL INFORMATION
fixed length control field 051026s1980 ||| r 000 0 rus d
040 ## - CATALOGING SOURCE
Original cataloging agency AM-YeHGA
041 1# - LANGUAGE CODE
Language code of text/sound track or separate title rus
090 ## - LOCALLY ASSIGNED LC-TYPE CALL NUMBER (OCLC); LOCAL CALL NUMBER (RLIN)
-- 168896
100 1# - MAIN ENTRY--PERSONAL NAME
Personal name Виръял, Юрий
245 10 - TITLE STATEMENT
Title Живица :
Remainder of title Стихотворения и поэмы. Пер. с чуваш. /
Statement of responsibility, etc. Юрий Виръял.
260 ## - PUBLICATION, DISTRIBUTION, ETC.
Place of publication, distribution, etc. Москва :
Name of publisher, distributor, etc. Современник,
Date of publication, distribution, etc. 1980.
300 ## - PHYSICAL DESCRIPTION
Extent 96 с.
440 #0 - SERIES STATEMENT/ADDED ENTRY--TITLE
Title Новинки "Современника"
500 ## - GENERAL NOTE
General note В вып. дан. авт.: Юрий Виръял (Юрий Петрович Петров)
653 0# - INDEX TERM--UNCONTROLLED
Uncontrolled term Чувашская поэзия
Holdings
Withdrawn status Lost status Damaged status Not for loan Collection Home library Current library Date acquired Total checkouts Full call number Barcode Date last seen Price effective from Koha item type Public note
        General Fundamental Scientific Library Fundamental Scientific Library 28/12/2016   894.344 110047490 28/12/2016 28/12/2016 Գրքեր / Books 30 Days Loan


ՀՀ ԳԱԱ հիմնարար գիտական գրադարան
ՀՀ,Երևան 0019
Մարշալ Բաղրամյան 24/6
հեռախոս:(374-10) 52-47-50
Հետադարձ կապ

All site content, except where otherwise noted, is licensed under a
Creative Commons License